LEADER 01532oam 2200469zu 450 001 9910830387703321 005 20210807004637.0 010 $a1-118-66659-3 035 $a(CKB)3450000000004412 035 $a(SSID)ssj0000726635 035 $a(PQKBManifestationID)11455154 035 $a(PQKBTitleCode)TC0000726635 035 $a(PQKBWorkID)10674396 035 $a(PQKB)11211512 035 $a(PPN)178982105 035 $a(EXLCZ)993450000000004412 100 $a20160829d1993 uy 101 0 $aeng 181 $ctxt 182 $cc 183 $acr 200 00$aInteractions between global climate subsystems : the legacy of Hann 210 31$a[Place of publication not identified]$cAmerican Geophysical Union$d1993 225 0 $aIUGG Interactions between global climate subsystems 300 $aBibliographic Level Mode of Issuance: Monograph 311 $a0-87590-466-1 606 $aClimatic changes$xCongresses 606 $aHydrologic cycle$xCongresses 606 $aEarth & Environmental Sciences$2HILCC 606 $aMeteorology & Climatology$2HILCC 615 0$aClimatic changes$xCongresses 615 0$aHydrologic cycle$xCongresses 615 7$aEarth & Environmental Sciences 615 7$aMeteorology & Climatology 676 $a551.5 702 $aMcBean$b G. A 702 $aHantel$b Michael 801 0$bPQKB 906 $aBOOK 912 $a9910830387703321 996 $aInteractions between global climate subsystems : the legacy of Hann$91990397 997 $aUNINA LEADER 01232nam0 22003011i 450 001 UON00114854 005 20231205102652.226 100 $a20020107d1992 |0itac50 ba 101 $ajpn 102 $aJP 105 $a|||| 1|||| 200 1 $aSebasuchan$fMatsuura Rieko 210 $aTokyo$cKawade shobo shinsha$d1992 215 $a214 p.$d15 cm 316 $afatt. 286-30949226 del 1.8.01$5IT-UONSI GIAVIBA/662 N 410 1$1001UON00142394$12001 $aBungei collection 410 1$1001UON00142395$12001 $aShoki sakuin shu 606 $aLETTERATURA GIAPPONESE$xSEC. XX$3UONC000346$2FI 620 $aJP$dTo?kyo?$3UONL000031 686 $aGIA VI BA$cGiappone - Letteratura moderna e contemporanea - Testi$2A 700 0$aMATSUURA Rieko$3UONV032364$0474988 712 $aKawade Shobo Shinsha$3UONV247322$4650 801 $aIT$bSOL$c20260220$gRICA 899 $aSIBA - SISTEMA BIBLIOTECARIO DI ATENEO E ARCHIVIO STORICO$2UONSI 912 $aUON00114854 950 $aSIBA - SISTEMA BIBLIOTECARIO DI ATENEO E ARCHIVIO STORICO$dSI GIA VI BA 662 N $eSI SA 99707 7 662 N fatt. 286-30949226 del 1.8.01 996 $aSebasuchan$91308732 997 $aUNIOR